|
|
|
|
| LEADER |
00617cam a2200205ua 4500 |
| 001 |
1665 |
| 005 |
20150705130401.0 |
| 007 |
ta |
| 008 |
061028s g b000 u eng u |
| 020 |
|
|
|c NULL
|
| 041 |
1 |
|
|a eng
|
| 082 |
1 |
4 |
|a 410
|b WHI/L
|
| 100 |
1 |
|
|a Whitney, William Dwight .
|
| 245 |
1 |
0 |
|a Life and growth of language /
|c William Dwight Whitney.
|h Textual Documents
|
| 260 |
|
|
|a Newyork :
|b Dower.
|
| 300 |
|
|
|a NULL ;
|
| 541 |
|
|
|e EN11548
|
| 650 |
|
0 |
|a Linguistics
|
| 999 |
|
|
|c 24858
|d 24858
|
| 952 |
|
|
|0 0
|1 0
|4 0
|6 410_000000000000000_WHI_L
|7 0
|9 31315
|a KU
|b KU
|d 2015-07-05
|l 0
|o 410 WHI/L
|p EN11548
|r 2015-07-05
|w 2015-07-05
|y BK
|